[Event "Euwe Stimulans"]
[Site "Arnhem NED"]
[Date "2007.08.20"]
[Round "4"]
[White "Olafsson,F"]
[Black "Barua,D"]
[Result "0-1"]
[WhiteElo "2452"]
[BlackElo "2462"]

1.d4 e6 2.c4 d5 3.Nc3 Nf6 4.Nf3 c6 5.e3 Nbd7 6.Bd3 Bd6 7.e4 dxe4 8.Nxe4 Nxe4
9.Bxe4 O-O 10.O-O h6 11.Bc2 e5 12.Re1 Bb4 13.Re2 exd4 14.Qxd4 Nf6 15.Qh4 Nh7
16.Qg3 Bd6 17.Ne5 Qf6 18.Bf4 Rd8 19.h4 Nf8 20.Rae1 Ne6 21.Bc1 Nd4 22.Bg5 hxg5
23.hxg5 Qe6 24.Qh4 Nxe2+ 25.Rxe2 Bxe5 26.Qh7+ Kf8  0-1

[Event "X Open"]
[Site "Banyoles ESP"]
[Date "2007.08.21"]
[Round "6"]
[White "Feller,S"]
[Black "Przybylski,W"]
[Result "1/2-1/2"]
[WhiteElo "2478"]
[BlackElo "2373"]

1.d4 d5 2.c4 c6 3.e3 Nf6 4.Nc3 e6 5.Nf3 Nbd7 6.Qc2 Bd6 7.e4 dxe4 8.Nxe4 Nxe4
9.Qxe4 Nf6 10.Qc2 c5 11.Be3 cxd4 12.Bxd4 Bb4+ 13.Bc3 Qa5 14.Bxb4 Qxb4+ 15.Qd2 Qxd2+
16.Kxd2 b6 17.Ne5 Bb7 18.f3 Ke7 19.Be2 Rhd8+ 20.Ke3 Nd7 21.Nxd7 Rxd7 22.Rhd1 g5
23.Rxd7+ Kxd7 24.h4 h6 25.hxg5 hxg5 26.Rh1 Ke7 27.Rh5 Rg8 28.g4 a5 29.f4 gxf4+
30.Kxf4 Rc8 31.g5 Rc5 32.Bd3 Ba6 33.b3 b5 34.Ke3 bxc4 35.bxc4 Kd6 36.Rh7 Bxc4
37.Bxc4 Rxc4 38.Rxf7 Rg4 39.Rg7 Ke5 40.Kf3 Rg1 41.Ra7 Kf5  1/2-1/2

[Event "Dato Arthur Tan Malaysian Op"]
[Site "Kuala Lumpur MAS"]
[Date "2007.08.21"]
[Round "3"]
[White "Zhang Zhong"]
[Black "Liew Chee Meng, Jimmy"]
[Result "1-0"]
[WhiteElo "2634"]
[BlackElo "2309"]

1.Nf3 Nf6 2.c4 e6 3.Nc3 d5 4.d4 c6 5.e3 a6 6.b3 Bb4 7.Bd2 Qe7 8.Bd3 Nbd7
9.O-O O-O 10.Qc2 dxc4 11.bxc4 e5 12.Ne4 Nxe4 13.Bxb4 Qxb4 14.Bxe4 Nf6 15.dxe5 Nxe4
16.Qxe4 Re8 17.Rfd1 h6 18.a3 Qe7 19.h3 Rb8 20.Qc2 Qc5 21.Rd4 b5 22.Qc1 a5
23.cxb5 Qxc1+ 24.Rxc1 cxb5 25.Ne1 Be6 26.Nd3 Rec8 27.Rc5 Bc4 28.f4 Ba2 29.Kf2 Rxc5
30.Nxc5 Rc8 31.Rd2 Rxc5 32.Rxa2 Rc3 33.Rb2 Rxa3 34.Rxb5 h5 35.Rb8+ Kh7 36.Rf8 Kg6
37.g4  1-0

[Event "Dato Arthur Tan Malaysian Op"]
[Site "Kuala Lumpur MAS"]
[Date "2007.08.21"]
[Round "4"]
[White "Adianto,U"]
[Black "Lomibao,S"]
[Result "1/2-1/2"]
[WhiteElo "2583"]
[BlackElo "2174"]

1.d4 d5 2.c4 c6 3.Nf3 Nf6 4.Nc3 e6 5.e3 Be7 6.Bd3 O-O 7.O-O dxc4 8.Bxc4 b5
9.Bd3 a6 10.e4 Bb7 11.e5 Nd5 12.Ne4 Nd7 13.Bg5 h6 14.Bxe7 Qxe7 15.Rc1 Rab8
16.Re1 Rfc8 17.Nd6 Rc7 18.Be4 c5 19.Nxb7 Rbxb7 20.Bxd5 exd5 21.dxc5 Rxc5
22.Rxc5 Qxc5 23.Nd4 Nf8 24.Nb3 Qb6 25.Qxd5 Rd7 26.Qc5 Qd8 27.h3 Ne6 28.Qc2 Qg5
29.g3 Rc7 30.Qe4 Rc4 31.Qf3 Qg6 32.Kh2 Ng5 33.Qg2 Qf5 34.Re3 Nxh3 35.Nd2 Rc2
36.Qa8+ Kh7 37.Rf3 Qg6 38.Ne4 Ng5 39.Nxg5+ Qxg5 40.Kg2 Qxe5 41.Rxf7 Rxb2
42.Rf8 Re2 43.Rh8+ Kg6 44.Qxa6+ Qe6 45.Qxe6+ Rxe6 46.Ra8 b4 47.Kf3 Rb6 48.Kg4 b3
49.axb3 Rb4+ 50.f4 Rxb3 51.Ra6+ Kf7 52.Kh4 Rb7 53.g4 Re7 54.Kh5 Rc7 55.f5 Re7
56.Rg6 Re2 57.Kh4 Re7 58.Rb6 Rc7 59.Kg3 Re7 60.Kf4 Rc7 61.Ke5 Rc5+ 62.Kd4 Rc7
63.Rd6 Re7 64.Kd5 Re2 65.Rd7+ Kf6 66.Rc7 Re1 67.Rc6+ Kf7 68.Re6 Rd1+ 69.Ke5 Re1+
70.Kd6 Rd1+ 71.Ke5 Re1+  1/2-1/2

[Event "Dato Arthur Tan Malaysian Op"]
[Site "Kuala Lumpur MAS"]
[Date "2007.08.21"]
[Round "4"]
[White "Dao Thien Hai"]
[Black "Khairul,A"]
[Result "1/2-1/2"]
[WhiteElo "2537"]
[BlackElo "2316"]

1.d4 d5 2.c4 c6 3.Nf3 Nf6 4.Nc3 e6 5.e3 Nbd7 6.Qc2 Bd6 7.g4 Bb4 8.Bd2 O-O
9.Rg1 c5 10.O-O-O cxd4 11.Nxd4 Nb6 12.g5 Nfd7 13.cxd5 Nxd5 14.Nxd5 Bxd2+
15.Rxd2 exd5 16.Kb1 Nb6 17.Bd3 g6 18.h4 Qd6 19.h5 Bd7 20.Qd1 Rac8 21.Rh1 Qe7
22.Qg1 Nc4 23.Rc2 Ba4 24.Rc1 Qb4 25.Bxc4 dxc4 26.Qe1 Qe7 27.Qa5 Bd7 28.hxg6 fxg6
29.Qd5+ Qf7 30.Qxf7+ Rxf7 31.f4 b5  1/2-1/2

[Event "Independence Cup A"]
[Site "Kyiv UKR"]
[Date "2007.08.21"]
[Round "9"]
[White "Lutsko,I"]
[Black "Zontakh,A"]
[Result "1/2-1/2"]
[WhiteElo "2418"]
[BlackElo "2545"]

1.d4 Nf6 2.c4 e6 3.Nf3 d5 4.Nc3 c6 5.e3 Nbd7 6.Qc2 Bd6 7.Be2 O-O 8.O-O dxc4
9.Bxc4 a6 10.a4 c5 11.Bd3 Qc7 12.Rd1 h6 13.a5 cxd4 14.exd4 b5 15.axb6 Nxb6
16.Qe2 Bb7 17.Ne5 Rfd8 18.Bd2 Bb4 19.Rac1 Qe7 20.Be3  1/2-1/2

[Event "Dato Arthur Tan Malaysian Op"]
[Site "Kuala Lumpur MAS"]
[Date "2007.08.22"]
[Round "6"]
[White "Adianto,U"]
[Black "Khairul,A"]
[Result "1/2-1/2"]
[WhiteElo "2583"]
[BlackElo "2316"]

1.d4 d5 2.c4 c6 3.Nf3 Nf6 4.Nc3 e6 5.e3 Nbd7 6.Qc2 Bd6 7.e4 dxe4 8.Nxe4 Nxe4
9.Qxe4 Bb4+ 10.Bd2 Qa5 11.a3 Bxd2+ 12.Nxd2 c5 13.dxc5 Qxc5 14.b4 Qe7 15.c5 O-O
16.Bd3 Nf6 17.Qf3 Qc7 18.O-O Bd7 19.Ne4 Nxe4 20.Bxe4 Bc6 21.Rad1 Rfd8 22.g3 Rab8
23.Kg2 Kf8 24.Bxc6 bxc6 25.Qe4 Kg8 26.a4 Rd5 27.Rxd5 exd5 28.Qd3 h6 29.b5 cxb5
30.axb5 d4 31.Qxd4 Rxb5 32.Rc1 Qc6+ 33.f3 Rb7 34.Rc2 Rc7 35.Qc3 Rd7 36.Re2 Rc7
37.Re5 Rb7 38.Qd2 Rb5 39.Qd8+ Kh7 40.Qd3+ Kg8 41.Qd4 Rb3 42.Re3 Rb5 43.Qd8+ Kh7
44.Qd3+ g6 45.Re7 Rb2+ 46.Kh3 Qf6 47.Qe3 h5 48.Qe5 Qxe5 49.Rxe5 Rc2 50.Re7 Kg7  1/2-1/2

[Event "TCh-ESP CECLUB Sur Div 1"]
[Site "Burguillos ESP"]
[Date "2007.08.23"]
[Round "2"]
[White "Perez Felipe Marcos,A"]
[Black "Diaz Montenegro,I"]
[Result "1-0"]
[WhiteElo "2171"]
[BlackElo "2017"]

1.d4 c6 2.c4 Nf6 3.Nc3 d5 4.e3 e6 5.Nf3 Be7 6.Bd3 Nbd7 7.e4 dxe4 8.Nxe4 Nxe4
9.Bxe4 Nf6 10.Bc2 O-O 11.O-O c5 12.Bg5 cxd4 13.Nxd4 Qa5 14.Nf3 Qc7 15.Qe2 Rd8
16.Rfe1 Bd7 17.Ne5 Be8 18.Rac1 Kh8 19.Qf3 Rd4 20.Re3 Rad8 21.Qh3 g6 22.Rce1 Nd5
23.Qh6 Kg8 24.Rh3 Nf6 25.Bxf6 Bxf6 26.Qxh7+ Kf8  1-0

[Event "TCh-ESP CECLUB Sur Div 1"]
[Site "Burguillos ESP"]
[Date "2007.08.23"]
[Round "3"]
[White "Garcia Cuenca,V"]
[Black "Reales Murto,M"]
[Result "1-0"]
[WhiteElo "2303"]
[BlackElo "2249"]

1.d4 d5 2.c4 c6 3.Nf3 Nf6 4.Nc3 e6 5.e3 Nbd7 6.Qc2 Bd6 7.b3 O-O 8.Be2 dxc4
9.bxc4 Qe7 10.O-O e5 11.Rb1 Re8 12.Re1 h6 13.h3 Rb8 14.c5 Bc7 15.Bc4 e4 16.Nd2 Nf8
17.f3 exf3 18.Nxf3 Ng6 19.Qxg6 b5 20.cxb6 axb6 21.Qc2 b5 22.Bd3 Bb7 23.e4 Ba5
24.Bd2 Bb6 25.e5 Nd7 26.Ne4 Nxe5 27.Nxe5 Bxd4+ 28.Kh1 Bxe5 29.Bc3 Qh4 30.Bxe5 Rxe5
31.Re2 Rd8 32.Nd6 Rxe2 33.Qxe2 Bc8 34.Nxc8 Rxc8 35.Rf1 Qd4 36.Qf3 Qa7 37.Qf5 Rd8
38.Qh7+ Kf8 39.Re1  1-0

[Event "Open A"]
[Site "Polanica Zdroj POL"]
[Date "2007.08.23"]
[Round "7"]
[White "Fistek,D"]
[Black "Zysko,J"]
[Result "1-0"]
[WhiteElo "2167"]
[BlackElo "2107"]

1.d4 d5 2.c4 c6 3.Nc3 Nf6 4.e3 e6 5.Nf3 Nbd7 6.Qc2 Bd6 7.Be2 O-O 8.O-O e5
9.cxd5 cxd5 10.dxe5 Nxe5 11.Nb5 Bb8 12.b3 a6 13.Nbd4 Qe7 14.Bb2 Nxf3+ 15.Bxf3 Be6
16.Rfd1 Bd6 17.Nf5 Bxf5 18.Qxf5 Qe6 19.Qd3 Rfd8 20.Bxf6 Qxf6 21.Bxd5 Rac8
22.g3 Rc3 23.Qe4 b6 24.Rac1 g6 25.Rxc3 Qxc3 26.Qf3 Qc7 27.Kg2 Kg7 28.e4 Rd7
29.Qd3 a5 30.Rd2 Bc5 31.Qc3+ f6 32.Qd3 Qe5 33.Qb5 Re7 34.Qc6 Qc3 35.Re2 Qe5
36.Bc4 g5 37.Qc8 Re8 38.Qg4 h6 39.h4 Re7 40.Qc8 Re8 41.Qg4 Qd4  1-0

[Event "1st Serbian League Men"]
[Site "Zlatibor SRB"]
[Date "2007.08.23"]
[Round "3"]
[White "Abramovic,B"]
[Black "Todorovic,GM"]
[Result "1/2-1/2"]
[WhiteElo "2516"]
[BlackElo "2471"]

1.d4 d5 2.c4 e6 3.Nf3 Nf6 4.Nc3 c6 5.e3 Nbd7 6.Qc2 Bd6 7.e4 Nxe4 8.Nxe4 dxe4
9.Qxe4 e5 10.dxe5 O-O 11.Bd3 f5  1/2-1/2

[Event "16th VR Bank Open"]
[Site "Apolda GER"]
[Date "2007.08.24"]
[Round "2"]
[White "Delitzsch,J"]
[Black "Klippel,J"]
[Result "0-1"]
[WhiteElo "2242"]
[BlackElo "2003"]

1.d4 e6 2.c4 Nf6 3.Nf3 d5 4.Nc3 c6 5.e3 Be7 6.Bd3 dxc4 7.Bxc4 b5 8.Bd3 a6
9.O-O Nbd7 10.a4 b4 11.Nb1 a5 12.Qe2 O-O 13.Nbd2 Bb7 14.e4 c5 15.e5 Nd5 16.Ne4 cxd4
17.Neg5 g6 18.Ne4 Qb8 19.Ng3 Nc5 20.Bc4 Nb6 21.Bb5 d3 22.Qe3 Rd8 23.Rd1 Nd5
24.Qh6 Bf8 25.Qh4 Bg7 26.Bg5 Rc8 27.Re1 Bc6 28.Bxc6 Rxc6 29.Rac1 Rc8 30.Bh6 Bh8
31.Bd2 Nb3 32.Ng5 h6 33.Qxh6 Bg7 34.Qh7+ Kf8 35.Rxc8+ Qxc8 36.N3e4 Qd8 37.Nf3 Nxd2
38.Nexd2 Qd7 39.b3 Rc8 40.Nc4 Rxc4 41.bxc4 Nc3 42.Nd2 Qxa4 43.Qh4 Ne2+ 44.Kf1 Qd7
45.Qe4 Bh6 46.Nb3 Nc3 47.Nc5 Nxe4 48.Nxd7+ Ke7 49.Rxe4 Kxd7 50.Rd4+ Kc6 51.Rxd3 Kc5
52.Rh3 Bf4 53.Ke2 Bxe5 54.Kd3 a4 55.Rh7 a3 56.Rxf7 a2 57.Ra7 a1=Q 58.Rxa1 Bxa1
59.h4 Bd4 60.f4 Bf2  0-1

[Event "15th Open"]
[Site "Nikea GRE"]
[Date "2007.08.24"]
[Round "2"]
[White "Malakhatko,V"]
[Black "Spirou,P"]
[Result "1-0"]
[WhiteElo "2596"]
[BlackElo "2089"]

1.d4 d5 2.c4 c6 3.Nc3 Nf6 4.e3 e6 5.Nf3 Nbd7 6.Bd3 dxc4 7.Bxc4 b5 8.Bd3 Bb7
9.O-O a6 10.e4 c5 11.d5 Qc7 12.Qe2 c4 13.Bc2 Nc5 14.d6 Qb6 15.e5 Nd5 16.Nxd5 Bxd5
17.Be3 g6 18.b4 cxb3 19.Bxb3 Bxd6 20.Bxd5 exd5 21.exd6 O-O 22.Rac1 Rac8 23.Qc2  1-0

[Event "Rubinstein Mem"]
[Site "Polanica Zdroj POL"]
[Date "2007.08.24"]
[Round "7"]
[White "Laznicka,V"]
[Black "Atalik,S"]
[Result "1/2-1/2"]
[WhiteElo "2594"]
[BlackElo "2564"]

1.d4 d5 2.c4 c6 3.Nc3 Nf6 4.e3 e6 5.Nf3 Nbd7 6.Qc2 Bd6 7.e4 Nxe4 8.Nxe4 dxe4
9.Qxe4 c5 10.Bg5 Be7 11.Bxe7 Qa5+ 12.Ke2 Kxe7 13.g3 cxd4 14.Bg2 Nf6 15.Qxd4 Rd8
16.Qf4 Bd7 17.Ne5 Ba4 18.b3 Rd2+ 19.Qxd2 Qxe5+ 20.Qe3 Qb2+ 21.Qd2  1/2-1/2

[Event "1st Serbian League Men"]
[Site "Zlatibor SRB"]
[Date "2007.08.24"]
[Round "4"]
[White "Postny,E"]
[Black "Sakaev,K"]
[Result "1/2-1/2"]
[WhiteElo "2598"]
[BlackElo "2634"]

1.d4 d5 2.c4 c6 3.Nf3 Nf6 4.Nc3 e6 5.e3 Nbd7 6.Qc2 Bd6 7.b3 O-O 8.Be2 b6
9.O-O Bb7 10.Bb2 Qe7 11.Rad1 Rad8 12.Rfe1 Rfe8 13.Bd3 c5 14.cxd5 exd5 15.Bf5 a6
16.Bxd7 Rxd7 17.Na4 c4 18.Nxb6 Rc7 19.Na4 Ne4  1/2-1/2

[Event "TCh-ESP CECLUB Sur Div 1"]
[Site "Burguillos ESP"]
[Date "2007.08.25"]
[Round "5"]
[White "Oms Pallise,J"]
[Black "Gonzalez Menendez,I"]
[Result "1/2-1/2"]
[WhiteElo "2517"]
[BlackElo "2388"]

1.c4 e6 2.Nc3 d5 3.d4 c6 4.e3 Nf6 5.Nf3 Nbd7 6.Bd3 dxc4 7.Bxc4 b5 8.Be2 a6
9.e4 Bb4 10.e5 Nd5 11.Bd2 Bxc3 12.bxc3 c5 13.O-O c4 14.Qc2 h6 15.a4 Bb7 16.Qb2 Bc6
17.axb5 axb5 18.Rxa8 Qxa8 19.Ra1 Qd8 20.Ra6 N7b6 21.Qa3 Qe7 22.Qa5 Qb7 23.Ne1 O-O
24.Bf3 Ra8 25.Rxa8+ Qxa8 26.Qxa8+ Bxa8 27.Bxd5 Nxd5  1/2-1/2

[Event "Open A"]
[Site "Polanica Zdroj POL"]
[Date "2007.08.25"]
[Round "9"]
[White "Moranda,W"]
[Black "Stachowiak,K"]
[Result "1-0"]
[WhiteElo "2492"]
[BlackElo "2301"]

1.d4 d5 2.c4 c6 3.Nc3 Nf6 4.e3 e6 5.Nf3 Bd6 6.Bd3 O-O 7.O-O Nbd7 8.e4 dxc4
9.Bxc4 e5 10.Bg5 h6 11.Bh4 exd4 12.Qxd4 Bc5 13.Qd3 Qe7 14.Rad1 Ne5 15.Nxe5 Qxe5
16.Bg3 Qg5 17.Bd6 Bxd6 18.Qxd6 Ng4 19.Be2 Qe5 20.h3 Qxd6 21.Rxd6 Nf6 22.f4 Ne8
23.Rd2 Nc7 24.f5 Re8 25.Rfd1 Kf8 26.Kf2 b6 27.Bf3 Bb7 28.Rd7 Re7 29.e5 Ke8
30.e6 fxe6 31.Bh5+ Kf8 32.Rd8+ Rxd8 33.Rxd8+ Ne8 34.Rb8 Ba6 35.f6 gxf6 36.Ne4  1-0

[Event "XIX Open"]
[Site "Porto San Giorgio ITA"]
[Date "2007.08.25"]
[Round "5"]
[White "Farago,I"]
[Black "Korneev,O"]
[Result "1/2-1/2"]
[WhiteElo "2501"]
[BlackElo "2565"]

1.d4 d5 2.c4 e6 3.Nf3 Nf6 4.Nc3 c6 5.e3 Nbd7 6.Qc2 Bd6 7.Bd3 O-O 8.O-O dxc4
9.Bxc4 a6 10.Rd1 b5 11.Be2 Qc7 12.Ne4 Nxe4 13.Qxe4 Be7 14.Bd2 Bb7 15.Rac1 c5
16.Qc2 Qb6  1/2-1/2

[Event "NH Chess Tournament"]
[Site "Amsterdam NED"]
[Date "2007.08.26"]
[Round "5"]
[White "Jussupow,Ar"]
[Black "Stellwagen,D"]
[Result "1-0"]
[WhiteElo "2583"]
[BlackElo "2631"]

1.d4 d5 2.c4 c6 3.Nf3 Nf6 4.Nc3 e6 5.e3 Nbd7 6.Bd3 dxc4 7.Bxc4 b5 8.Bd3 Bb7
9.e4 b4 10.Na4 c5 11.e5 Nd5 12.O-O Rc8 13.Qe2 cxd4 14.Nxd4 Be7 15.Re1 O-O
16.Qg4 Re8 17.Bb5 Rc7 18.Bh6 Bf8 19.Rad1 a6 20.Bf1 f5 21.Qg3 Kh8 22.Bg5 Qb8
23.Rd3 Bc6 24.Nxc6 Rxc6 25.Rd4 N7b6 26.Nxb6 Qxb6 27.Rc4 Rec8 28.b3 Nc3 29.Be3 Qa5
30.Rh4 Kg8 31.Qh3 h6 32.Qg3 Kh7 33.Rd4 R8c7 34.h4 g6 35.Bc4 Qxa2 36.Rd8 Bg7
37.h5 gxh5 38.Bd3 Qxb3 39.Qf3 Qa4 40.Qxh5 b3 41.g4 Ne4 42.gxf5 exf5 43.Qxf5+ Rg6+
44.Kf1 Rc4 45.Qf7 Rgc6 46.Rd7  1-0

[Event "Dato Arthur Tan Malaysian Op"]
[Site "Kuala Lumpur MAS"]
[Date "2007.08.26"]
[Round "11"]
[White "Wang Rui"]
[Black "Chandler,M"]
[Result "1-0"]
[WhiteElo "2482"]
[BlackElo "2540"]

1.d4 d5 2.c4 e6 3.Nc3 c6 4.e3 Nf6 5.Nf3 Nbd7 6.Qc2 Bd6 7.b3 O-O 8.Be2 a6
9.O-O e5 10.cxd5 cxd5 11.dxe5 Nxe5 12.Bb2 Be6 13.Rac1 Rc8 14.Qb1 Nfg4 15.Nxe5 Bxe5
16.Bxg4 Bxg4 17.Qd3 Be6 18.Na4 Bxb2 19.Nxb2 Qa5 20.Na4 Qb4 21.Qd4 Qa3 22.Qd2 h6
23.h3 Rfd8 24.Nc3 Rc6 25.Ne2 Rdc8 26.Rxc6 bxc6 27.Nc3 c5 28.Nxd5 Bxd5 29.Qxd5 Qxa2
30.Rc1 Qa3 31.Rc2 a5 32.Kh2 Qb4 33.Rc1 g6 34.f4 Qb6 35.f5 gxf5 36.Qxf5 Qe6
37.Qf4 Rc6 38.Rc4 Kh7 39.Qg3 Qg6 40.Rg4 Qf6 41.Rf4 Qg6 42.Qf3 Rc7 43.Rf6 Qg5
44.Rxf7+ Rxf7 45.Qxf7+ Kh8 46.Qe6 h5 47.g4 hxg4 48.hxg4 Kg7 49.Kg2 c4 50.bxc4 a4
51.Qd7+ Kh6 52.Qc6+ Kg7 53.Qxa4 Qxe3 54.Qc2 Qf4  1-0

[Event "Rubinstein Mem"]
[Site "Polanica Zdroj POL"]
[Date "2007.08.26"]
[Round "9"]
[White "Laznicka,V"]
[Black "Andriasian,Z"]
[Result "1-0"]
[WhiteElo "2594"]
[BlackElo "2540"]

1.d4 d5 2.c4 c6 3.Nc3 Nf6 4.e3 e6 5.Nf3 Nbd7 6.Qc2 Bd6 7.e4 dxe4 8.Nxe4 Nxe4
9.Qxe4 Bb4+ 10.Bd2 Bxd2+ 11.Nxd2 O-O 12.O-O-O c5 13.Nf3 Qa5 14.Bd3 Nf6 15.Qh4 Qc7
16.Rhe1 cxd4 17.Ne5 b5 18.c5 Qxc5+ 19.Kb1 h6 20.g4 Nd7 21.f4 Nxe5 22.Rxe5 Qc7
23.g5 f6 24.gxh6 fxe5 25.Rg1 Rxf4 26.Qh5 e4 27.hxg7 Bb7 28.Qh8+ Kf7 29.Qxa8 Bxa8
30.g8=Q+ Ke7 31.Rg7+ Kd6 32.Rxc7 Kxc7 33.Qxe6  1-0

[Event "1st Serbian League Women"]
[Site "Zlatibor SRB"]
[Date "2007.08.27"]
[Round "7"]
[White "Maksimovic,S"]
[Black "Manakova,M"]
[Result "1-0"]
[WhiteElo "2259"]
[BlackElo "2321"]

1.d4 d5 2.c4 c6 3.e3 e6 4.Nc3 Nf6 5.Nf3 Bd6 6.Bd3 O-O 7.e4 dxe4 8.Nxe4 Nxe4
9.Bxe4 Nd7 10.O-O h6 11.Bc2 c5 12.dxc5 Bxc5 13.b3 b6 14.Be4 Rb8 15.Bf4 Bb7
16.Bxb8 Bxe4 17.Bg3 Qe7 18.a3 Nf6 19.b4 Rd8 20.Qa4 Bxf3 21.bxc5 Ba8 22.Rfd1 Rc8
23.cxb6 axb6 24.f3 e5 25.Qb4 Qc7 26.Rd6 Nd7 27.Rad1 Bc6 28.Qd2 Nf8 29.Bxe5 Ba4
30.Re1 Qc5+ 31.Qe3 Qxc4 32.Rxb6 Nd7 33.Rb4 Qc6 34.Bxg7 Nc5 35.Rg4 Kh7 36.Bd4 Ne6
37.Qe5 Qb5  1-0

[Event "15th Open"]
[Site "Nikea GRE"]
[Date "2007.08.28"]
[Round "7"]
[White "Delithanasis,D"]
[Black "Malakhatko,V"]
[Result "0-1"]
[WhiteElo "2217"]
[BlackElo "2596"]

1.c4 e6 2.Nf3 d5 3.d4 Nf6 4.Nc3 c6 5.e3 a6 6.Ne5 Bd6 7.f4 c5 8.cxd5 exd5
9.Bd3 O-O 10.O-O Nc6 11.Kh1 Ne7 12.Ne2 Bf5 13.Ng3 Bxd3 14.Qxd3 c4 15.Qe2 b5
16.Bd2 Qc8 17.f5 Nc6 18.Ng4 Nxg4 19.Qxg4 Bxg3 20.Qxg3 f6 21.Rf4 Qd7 22.Raf1 Rae8
23.Qf3 Re7 24.g4 Rfe8 25.h4 Re4 26.Qg3 Qd6 27.g5 Rxf4 28.Rxf4 fxg5 29.hxg5 Re4
30.f6 Rxf4 31.exf4 Qe6 32.Be3 Qf5 33.Kh2 Kf7 34.fxg7 Ne7 35.Qf3 Kxg7 36.Qh5 Qe6
37.Bd2 Nf5 38.Qf3 Kg6 39.Bc3 Nh4 40.Qf2 Qg4 41.Qc2+ Kg7 42.Kh1 Nf3  0-1

[Event "Kalamaria Open"]
[Site "Thessaloniki GRE"]
[Date "2007.08.28"]
[Round "5"]
[White "Chatalbashev,B"]
[Black "Mastrovasilis,D"]
[Result "1-0"]
[WhiteElo "2573"]
[BlackElo "2541"]

1.c4 c6 2.Nf3 d5 3.e3 Nf6 4.Nc3 e6 5.d4 Nbd7 6.Bd3 dxc4 7.Bxc4 b5 8.Bd3 a6
9.e4 c5 10.e5 cxd4 11.Ne4 Nd5 12.O-O h6 13.a4 b4 14.Bc4 Bb7 15.a5 Be7 16.Qxd4 O-O
17.Bd2 Qb8 18.Rac1 Rd8 19.Ng3 Bc5 20.Qg4 Nxe5 21.Nxe5 Qxe5 22.Bxh6 Qd4 23.Ne4 f5
24.Qg6 fxe4 25.Qxe6+ Kh7 26.Be3 Nxe3 27.Qh3+ Kg6 28.Bf7+  1-0

[Event "1st Serbian League Women"]
[Site "Zlatibor SRB"]
[Date "2007.08.28"]
[Round "8"]
[White "Olarasu,G"]
[Black "Gebejes,A"]
[Result "1-0"]
[WhiteElo "2283"]
[BlackElo "2056"]

1.d4 d5 2.c4 c6 3.Nc3 Nf6 4.Nf3 e6 5.e3 Nbd7 6.Qc2 Bd6 7.b3 O-O 8.Bb2 Qe7
9.Be2 b6 10.O-O Bb7 11.a4 Rfd8 12.a5 dxc4 13.bxc4 e5 14.Rfe1 exd4 15.exd4 Nf8
16.a6 Bc8 17.d5 cxd5 18.Bd3 Qd7 19.cxd5 Ng6 20.Bb5 Qf5 21.Qxf5 Bxf5 22.Bc6 Rac8
23.Nb5 Bb8 24.Bxf6 gxf6 25.g3 Bd3 26.Nfd4 Ne5 27.Nc3 Bc4 28.f4 Nd3 29.Re7 Kf8
30.Nf5 Nb4 31.Bb7 Rc5 32.Rae1 Nxd5 33.Nxd5 Bxd5 34.Rd1 b5 35.Re3 Bc7 36.Red3 Bb6
37.Ne3 Rc7 38.Bxd5 Rxd5 39.Rxd5 Bxe3+ 40.Kg2 b4 41.Rb5 Rc2+ 42.Kf3 Bb6 43.Rxb6 axb6
44.Rd8+ Ke7 45.a7 Kxd8 46.a8=Q+ Kc7 47.Qa7+ Kc6 48.Qa4+  1-0

[Event "15th Open"]
[Site "Nikea GRE"]
[Date "2007.08.29"]
[Round "8"]
[White "Kafetzopoulos,A"]
[Black "Spirou,P"]
[Result "1/2-1/2"]
[WhiteElo "1902"]
[BlackElo "2089"]

1.d4 d5 2.c4 c6 3.Nc3 Nf6 4.e3 e6 5.Nf3 Nbd7 6.Qc2 Bd6 7.g4 dxc4 8.Bxc4 Nd5
9.Bd2 b6 10.O-O-O Bb7 11.e4 Nxc3 12.Qxc3 b5 13.Bd3 b4 14.Qc2 Rc8 15.Kb1 c5
16.d5 e5 17.Bg5 Qb6 18.Nd2 Qc7 19.Rc1 O-O 20.h4 a5 21.Bb5 Nb6 22.Nc4 Nxc4
23.Qxc4 Qb6 24.b3 Ra8 25.Be3 Rfc8  1/2-1/2

[Event "XIX Open"]
[Site "Porto San Giorgio ITA"]
[Date "2007.08.29"]
[Round "9"]
[White "Vuelban,V"]
[Black "La Manna,F"]
[Result "1-0"]
[WhiteElo "2332"]
[BlackElo "2179"]

1.d4 Nf6 2.Nf3 d5 3.c4 e6 4.Nc3 c6 5.e3 Nbd7 6.Qc2 Bd6 7.Be2 O-O 8.O-O Re8
9.Rd1 Qe7 10.b3 dxc4 11.Bxc4 e5 12.Ng5 Rf8 13.Nge4 Nxe4 14.Nxe4 Bc7 15.a4 exd4
16.Ba3 c5 17.exd4 Re8 18.Re1 Kh8 19.Re2 Ne5 20.Bxc5 Nf3+ 21.gxf3  1-0

[Event "ch-ISL"]
[Site "Reykjavik ISL"]
[Date "2007.08.30"]
[Round "3"]
[White "Stefansson,H"]
[Black "Thorfinnsson,Br"]
[Result "1-0"]
[WhiteElo "2568"]
[BlackElo "2389"]

1.d4 d5 2.c4 c6 3.Nc3 Nf6 4.Nf3 e6 5.e3 Nbd7 6.Bd3 dxc4 7.Bxc4 b5 8.Bd3 b4
9.Na4 Bd6 10.Qc2 Bb7 11.e4 e5 12.dxe5 Nxe5 13.Nxe5 Bxe5 14.Nc5 Bc8 15.h3 O-O
16.Be3 Nh5 17.g3 Qa5 18.Nb3 Qa4 19.Qe2 g6 20.Bc4 Rd8 21.Bg5 Re8 22.g4 Nf6
23.Bxf6 Bxf6 24.Qf3 Be6 25.Bxe6 Rxe6 26.Nc5 Qc2 27.Nxe6 Bxb2 28.Ng5 f6 29.Rd1 Bc3+
30.Kf1 fxg5 31.Qe2 Qxe2+ 32.Kxe2 Re8 33.Rd7 Rxe4+ 34.Kd3 Rf4 35.Rxa7 c5 36.Rc7 Rxf2
37.a4 Ra2 38.Ra7 Ra3 39.Kc4 Bg7 40.Ra8+ Kf7 41.Rf1+ Ke6 42.Re1+ Kf7 43.Rf1+ Ke6
44.Kxc5 Bc3 45.Kc4 Bd2 46.Rf2 Rc3+ 47.Kb5 Rd3 48.Re2+ Kf7 49.Ra7+ Kf8 50.Rb7 h5
51.a5 b3 52.Kc4 Rd6 53.Kc5  1-0

[Event "26th OCF NAO Fide Open"]
[Site "Stillwater USA"]
[Date "2007.09.01"]
[Round "3"]
[White "Yang,Dar"]
[Black "Simms,G"]
[Result "1-0"]
[WhiteElo "2149"]
[BlackElo "2184"]

1.d4 d5 2.c4 e6 3.Nc3 c6 4.e3 Nf6 5.Nf3 Nbd7 6.Qc2 Bd6 7.g4 Nxg4 8.Rg1 h5
9.h3 Nh6 10.e4 dxe4 11.Nxe4 Bb4+ 12.Bd2 Bxd2+ 13.Qxd2 Nf5 14.O-O-O Nf6 15.Nc3 Qb6
16.Bd3 Nxd4 17.Nxd4 Qxd4 18.Rxg7 Bd7 19.Qg5 O-O-O 20.Be2 Qxf2 21.Rf1 Qh2
22.Rxf6 Be8 23.Qg3 Qxg3 24.Rxg3 Rd4 25.Rg5 Rh4 26.Bf1 Kd8 27.Rf3 Ke7 28.Bd3 Rh6
29.Ne4 f6 30.Rg7+ Bf7 31.Ng5 fxg5 32.Rgxf7+ Kd6 33.Rg7 g4 34.hxg4 hxg4 35.Rg3 Rf6
36.R7xg4 Rh2 37.Rg2 Rf2 38.Rxf2 Rxf2 39.Re4 a6 40.Re2 Rf3 41.Kc2 b5 42.b4 c5
43.cxb5 axb5 44.bxc5+ Kxc5 45.Rxe6  1-0

[Event "XV Open"]
[Site "Albacete ESP"]
[Date "2007.09.02"]
[Round "1"]
[White "Hernandez Carmenates,Hold"]
[Black "Arraiz Perez,D"]
[Result "1-0"]
[WhiteElo "2544"]
[BlackElo "1964"]

1.d4 d5 2.c4 e6 3.Nc3 c6 4.e3 Nf6 5.Nf3 Nbd7 6.Bd3 dxc4 7.Bxc4 b5 8.Bd3 Bd6
9.Ng5 Bb7 10.Qf3 Qb6 11.Qh3 Nf8 12.O-O Qc7 13.Bd2 h6 14.Nge4 Nxe4 15.Nxe4 Be7
16.Rac1 Qd7 17.Qg3 g5 18.Bb4 f5 19.Nc5 Bxc5 20.Rxc5 Rh7 21.Rfc1 a6 22.Re5 Kf7
23.Be2 Kg8 24.a4 Rc8 25.axb5 cxb5 26.Rxc8 Qxc8 27.Bxf8 Kxf8 28.Rc5 Qd8 29.Qe5 Bd5
30.f3 Kg8 31.e4 fxe4 32.fxe4 Bb3 33.Bg4 Re7 34.Rc3 Bc4 35.h3 Qf8 36.b3 Qf1+
37.Kh2 Qe1 38.Rf3  1-0

[Event "Masters"]
[Site "Trieste ITA"]
[Date "2007.09.02"]
[Round "3"]
[White "Stock,L"]
[Black "Pavasovic,D"]
[Result "1-0"]
[WhiteElo "2297"]
[BlackElo "2584"]

1.d4 d5 2.c4 e6 3.Nf3 Nf6 4.Nc3 c6 5.e3 Nbd7 6.Qc2 Bd6 7.b3 O-O 8.Be2 Re8
9.O-O dxc4 10.bxc4 e5 11.Rb1 Qe7 12.Bb2 e4 13.Nd2 Nf8 14.Rfc1 Ng6 15.a4 h5
16.c5 Bc7 17.Ba3 Qe6 18.Nc4 Nh4 19.Nd6 Bxd6 20.cxd6 Nxg2 21.d7 Qxd7 22.Kxg2 Qh3+
23.Kg1 Re6 24.Bf1 Qh4 25.Bg2 Ng4 26.h3 Nh6 27.Ne2 Re8 28.Ng3 Bxh3 29.Rxb7 Bxg2
30.Kxg2 Qg4 31.Qe2 Qc8 32.Rb5 h4 33.Nh5 Qa6 34.Nf6+ Kh8 35.Nxe8 cxb5 36.Nc7 Qg6+
37.Kh3 Rc8 38.axb5 Qg5 39.Kh2 Ng4+ 40.Kh1 Qf5 41.Rc5 Nxf2+ 42.Kg1 Qg6+ 43.Kxf2 Qg3+
44.Kf1 h3 45.Nd5 Rxc5 46.Qh5+ Kg8 47.Ne7+ Kf8 48.Bxc5 Qg2+ 49.Ke1 Qg1+ 50.Kd2 Qf2+
51.Kc3 Qxe3+ 52.Kc4 Qd3+ 53.Kd5 Qb3+ 54.Kc6 Qe6+ 55.Kc7 f5 56.Qh8+ Kf7 57.Qg8+ Kf6
58.Nd5+  1-0

[Event "60th ch-RUS Higher League"]
[Site "Krasnoyarsk RUS"]
[Date "2007.09.03"]
[Round "1"]
[White "Sidorov,A"]
[Black "Lastin,A"]
[Result "1/2-1/2"]
[WhiteElo "2438"]
[BlackElo "2583"]

1.d4 d5 2.c4 e6 3.Nc3 c6 4.e3 Nf6 5.Nf3 Nbd7 6.cxd5 exd5 7.Bd3 Bd6 8.Qc2 O-O
9.O-O Re8 10.Re1 Nf8 11.h3 Bd7 12.Bd2 Rc8 13.Rad1 Rc7 14.e4 dxe4 15.Nxe4 Nxe4
16.Bxe4 Be6 17.Ng5 h6 18.Nxe6 Nxe6 19.Ba5 b6 20.Bc3 Nf4 21.Bd2 Nd5 22.Bh7+ Kf8
23.Rxe8+ Qxe8 24.Re1 Re7 25.Rxe7 Nxe7 26.Be4 Qd7 27.Bf3 Kg8 28.Qe4 Nd5 29.Bg4 Qd8
30.Bd1 Bb4 31.Bc1 Bf8 32.Bb3 g6 33.h4 h5 34.Bg5 Qd7 35.g3 Bg7 36.Kg2 Kh7
37.Kg1 Qe6 38.Qxe6 fxe6 39.Be3 Nxe3 40.fxe3 c5  1/2-1/2

[Event "Open"]
[Site "Liverpool ENG"]
[Date "2007.09.03"]
[Round "2"]
[White "Kaufman,R"]
[Black "Haslinger,S"]
[Result "0-1"]
[WhiteElo "2310"]
[BlackElo "2468"]

1.d4 d5 2.c4 c6 3.Nf3 Nf6 4.Nc3 e6 5.e3 a6 6.b3 Bb4 7.Bd2 Nbd7 8.Bd3 O-O
9.O-O Bd6 10.e4 dxc4 11.bxc4 e5 12.d5 Nc5 13.Qc2 Bg4 14.Ne1 Rc8 15.f3 Bd7
16.Qb2 b5 17.dxc6 Nxd3 18.Nxd3 Bxc6 19.cxb5 axb5 20.Be3 Qa5 21.a3 Nd7 22.Nb4 Nb6
23.Bf2 Nc4 24.Nxc6 Nxb2 25.Nxa5 Rxc3 26.Rfb1 Rxa3 27.Nb7 Rfa8 28.Rxa3 Bxa3
29.Ra1 Nd3 30.Be3 b4 31.Nc5 Nxc5 32.Bxc5 Rc8 33.Bd6 f6 34.Rb1 Rc6 35.Rd1 Kf7
36.Kf1 Ke6 37.Bf8 Rc8 38.Bxg7 b3 39.Ke2 Bc1  0-1